| 000 | 01035cam a2200313 i 4500 | ||
|---|---|---|---|
| 001 | 200442797 | ||
| 999 |
_c200442797 _d61009 |
||
| 003 | TR-AnTOB | ||
| 005 | 20241121111735.0 | ||
| 007 | ta | ||
| 008 | 950420s1989 tu a 000 0 tur | ||
| 010 | _a 90968641 | ||
| 040 |
_aDLC _beng _erda _cDLC _dTR-AnTOB |
||
| 041 | 0 | _atur | |
| 050 | 0 | 0 |
_aHG187.T9 _bÇ59 1989 |
| 090 |
_aTOBBK HG187.T9 _bÇ59 1989 |
||
| 100 |
_aÇizakça, Murat _911326 |
||
| 245 | 1 | 0 |
_aTürk finans kesiminde sorunlar ve reform önerileri / _cMurat Çizakça. |
| 264 |
_a[İstanbul] : _bİstanbul Sanayi Odası, _c1989. |
||
| 300 |
_a204 pages : _billustrations ; _c22 cm |
||
| 336 |
_atext _btxt _2rdacontent |
||
| 337 |
_aunmediated _bn _2rdamedia |
||
| 338 |
_avolume _bnc _2rdacarrier |
||
| 490 | 1 |
_aYayın / İstanbul Sanayi Odası Araştırma Dairesi ; _vno. 1989/7 |
|
| 650 | 0 |
_aFinans _zTürkiye _93 |
|
| 830 | 0 |
_aYayın (İstanbul Sanayi Odası. Araştırma Dairesi) ; _vno. 1989/7. |
|
| 942 |
_2z _cBK |
||